000
00287nam a2200121Ia 4500
008
140130s9999 xx 000 0 und d
245
_c
Havill, Juanita
_a
Jamaica tag-along
260
_b
Scholastic,
_c
1989
440
_v
1
521
_a
Grade 1 - Grade 2
942
_c
BK
999
_c
40268
_d
40268